000 00329nam a2200133Ia 4500
005 20251222151332.0
008 251222s9999||||xx |||||||||||||| ||spa||
082 _a616/G92/T.II
100 _aGuillen Barona, Carlos
245 0 _aManual de Enfermedades de la Piel
250 _a1ra.ed.
264 _bEGRAF, S.A.
942 _cLIB
999 _c24143
_d24143